000 00641nam a2200181Ia 4500
008 090124s9999 xx 000 0 und d
082 _b6287
_a715
100 _aवरेरकर भा.वि.(भार्गव विठ्ठल)(मामा)
245 _a सारस्वत
250 _a1
260 _c1942
300 _a89
600 _aवरेरकर भा.वि.(भार्गव विठ्ठल)(मामा)
630 _a सारस्वत
700 _aवरेरकर भा.वि.(भार्गव विठ्ठल)(मामा)
730 _a सारस्वत
942 _cBOOK
999 _c120228
_d120228